000 00351nam a2200133Ia 4500
008 240624s9999 xx 000 0 und d
041 _aeng
082 _a658.4063 STO
100 _aSTONEMAN PAUL
245 _aSOFT INNOVATION ECONOMICS PRODUCT AESTHE
260 _c2011
_aNew Delhi
_bOxford
300 _axiv, : 366 : p. : cm. ; 23
365 _cBPS
_b38
999 _c28389
_d28389